000 00342nam a2200145Ia 4500
008 191201s2012 xx 000 0 und d
082 _a658.4012
_bKAS
100 _aKAZMI, Azhar
245 0 _aStrategic Management and Business Policy
250 _aRep
260 _aN. Delhi
_bTMH
_c2012
300 _a698
650 _aBBA
942 _2ddc
_cBK
999 _c4911
_d4911